000 00656cam a22002293a 4500
001 9677
003 PGUSA
005 20140828083215.0
008 060101s2006||||xxu|||||s|||||000 1 eng d
040 _aPGUSA
_beng
042 _adc
050 4 _aPR
100 1 _aDefoe, Daniel,
_d-1731
245 1 0 _aOf Captain Mission
_h[electronic resource] /
_cDaniel Defoe
260 _bProject Gutenberg,
_c2006
506 _aCopyrighted. Read the copyright notice inside this book for details.
516 _aElectronic text
653 _aPirates -- Fiction
830 0 _aProject Gutenberg
_v9677
856 4 0 _uhttp://www.gutenberg.org/ebooks/9677
942 _cAB
999 _c238933
_d238933